02471nam a22004094a 4500001001200000003000800012006001900020007001500039008004100054010001700095020003600112020003500148020001800183020001800201040002100219035002000240043001200260050002400272082001700296100003300313245009800346260006300444300001400507490003200521504006600553505091200619533015201531650003801683650003601721650004301757650004301800655002901843710001701872830003101889856012601920999001502046ebr10273446CaPaEBRm u cr cn|||||||||051130s2006 ncu sb s001 0 eng  z 2005034982 z0807830313 (cloth : alk. paper) z0807856940 (pbk. : alk. paper) z9780807830314 z9780807856949 aCaPaEBRcCaPaEBR a(OCoLC)82694531 an-us---14aHQ1419b.F74 2006eb04a306.70822221 aFreedman, Estelle B.,d1947-10aFeminism, sexuality, and politicsh[electronic resource] :bessays /cby Estelle B. Freedman. aChapel Hill :bUniversity of North Carolina Press,cc2006. ax, 253 p.1 aGender and American culture aIncludes bibliographical references (p. [197]-240) and index.0 aIntroduction: Identities, values, and inquiries : a personal history -- Separatism as strategy : female institution building and American feminism, 1870-1930 -- Separatism revisited : women's institutions, social reform, and the career of Miriam Van Waters -- Women's networks and women's loyalties : reflections on a tenure case -- Small group pedagogy : consciousness raising in conservative times -- No turning back : the historical resilience of feminism -- The historical construction of homosexuality in the United States -- Uncontrolled desires : the response to the sexual psychopath, 1920-1960 -- The prison lesbian : race, class, and the construction of the aggressive female homosexual, 1915-1965 -- The burning of letters continues : elusive identities and the historical construction of sexuality -- When historical interpretation meets legal advocacy : abortion, sodomy, and same-sex marriage. aElectronic reproduction.bPalo Alto, Calif. :cebrary,d2013.nAvailable via World Wide Web.nAccess may be limited to ebrary affiliated libraries. 0aFeminismzUnited StatesxHistory. 0aWomen's studieszUnited States. 0aHomosexualityzUnited StatesxHistory. 0aSexxPolitical aspectszUnited States. 7aElectronic books.2local2 aebrary, Inc. 0aGender & American culture.40uhttp://site.ebrary.com/lib/rucke/Doc?id=10273446zAn electronic book accessible through the World Wide Web; click to view c6919d6919